00430pam a2200181 i 4500001000800000005001700008008004100025010001700066020001500083040001800098041000800116080001100124082001400135100000700149101000800156245005400164504003000218410913420180223070838.0751217s1976 njua b 001 0 eng  a 75044493  a0130074195 aDLCcDLCdDLC aeng a658.4 00a658.4 ROB1 a54 aLID14aThe administrative process :cStephen P. Robbins. aBibliography: p. 478-484.